Freieste Länder der Welt - Statistiken

Allgemein
  • Dieses Quiz wurde 264 mal gespielt
  • Das Durchschnittsergebnis liegt bei 16 aus 19
Antwortstatistiken
Platz Land Kontinent Punkte % Korrekt
1. Norwegen Europa 100
99%
4. Kanada Nordamerika 99
98%
1. Schweden Europa 100
98%
1. Finnland Europa 100
97%
13. Schweiz Europa 96
93%
6. Australien Ozeanien 98
91%
10. Dänemark Europa 97
90%
6. Neuseeland Ozeanien 98
89%
18. Island Europa 95
88%
6. Luxemburg Europa 98
88%
4. Niederlande Europa 99
88%
18. Belgien Europa 95
85%
13. Irland Europa 96
83%
10. Portugal Europa 97
75%
6. Uruguay Südamerika 98
74%
13. Japan Asien 96
72%
13. Andorra Europa 96
70%
10. San Marino Europa 97
67%
13. Barbados Nordamerika 96
33%
Keine übereinstimmenden Quizze gefunden
Verteilung der Resultate
Anzahl Personen mit jedem Resultat
Perzentil nach korrekt beantworteten Fragen
Ihre Resultats-Entwicklung
Sie haben dieses Quiz noch nicht gespielt